000 01428nam a22003257a 4500
003 PE SENCICO BE
005 20260223191553.0
008 251111b |||||||| |||| 00| 0 eng d
017 _aM-35191-2002
040 _aPE SENCICO BE
_cPE SENCICO BE
041 _aspa
082 _aR 709
_bP85
100 1 _aPrette, María Carla
_913
_eautor
245 1 _aAtlas ilustrado de la historia del arte /
_cMaría Carla Prette, Isabel Ortiz ; traductor: Cristina García Rios
250 _a[1a ed.]
260 _aMadrid :
_bSusaeta Ediciones ;
_c2002
300 _a247 páginas :
_bIlustraciones, mapas ;
_c26.2 cm.
505 0 _aLos origines de la historia del arte -- El mundo antiguo -- La edad media -- El renacimiento -- Barroco -- El siglo XIX -- El siglo XX
520 3 _aLa obra describe temas como: De Nefertari a la Marilyn Monroe de Warhol, del Partenón al puente de Zubiri de Bilbao, del David de Miguel Angel al Guernica de Picasso, obras de arte de todos los tiempos que constituyen la memoria de un mundo en constante transformación.
650 0 _aArquitectura antigua
_9390
650 2 0 _aArquitectura moderna
_9391
650 2 0 _aMonumentos históricos
_9392
650 2 0 _aArquitectura
_9343
650 2 0 _aHistoria
_9383
650 2 0 _aPintura renacentista
_9393
700 1 _aOrtiz, Isabel
_914
_eautor
700 _aGarcia Ríos, Cristina
_915
_etraductor
910 _ahfp
942 _2ddc
_cLIB
999 _c9741
_d9741